000
00218 a2200097 4500
001
30474
100
_a
Rivers, P H
245
_a
Letter writing
260
_a
London
_b
Collin condon and Glasco
_c
090
_c
20416
_d
20416
942
_a
NUST-CAE
_c
M
_c
11577
999
_c
265547
_d
265547